[Event "FRA-chT Top 12 (Women) GpA"]
[Site "Bennwihr"]
[Date "2011.02.11"]
[Round "1.4"]
[White "Ducarme, Natacha"]
[Black "Huisman, Chloe"]
[Result "0-1"]
[WhiteElo "1390"]
[BlackElo "1992"]
[PlyCount "72"]
[EventDate "2011.02.11"]
[EventType "team-tourn"]
[EventRounds "5"]
[EventCountry "FRA"]
[SourceTitle "EXT 2012"]
[Source "ChessBase"]
[SourceDate "2011.11.24"]
[SourceVersion "1"]
[SourceVersionDate "2011.11.24"]
[SourceQuality "1"]
[WhiteTeam "Strasbourg (W)"]
[BlackTeam "Evry Grand Roque (W)"]
[WhiteTeamCountry "FRA"]
[BlackTeamCountry "FRA"]

1. e4 d5 2. exd5 Nf6 3. c4 e6 4. d4 exd5 5. Nf3 Qe7+ 6. Qe2 Nc6 7. Qxe7+ Bxe7 8. Nc3 Nb4 9. Kd1 Bg4 10. Be3 0-0-0 11. h3 Bxf3+ 12. gxf3 dxc4 13. Bxc4 Nc6 14. Ne2 Ne5 15. Rc1 Nxc4 16. Rxc4 Nd5 17. Kc1 Rhe8 18. Nf4 Nxf4 19. Bxf4 Bd6 20. Be3 Re6 21. Kd2 f5 22. f4 Rde8 23. Rhc1 Re4 24. b3 R8e7 25. a4 Bxf4 26. Bxf4 Rxf4 27. Kc2 Rxf2+ 28. Kb1 Rf3 29. R4c3 Rxc3 30. Rxc3 Re2 31. Kc1 Kd7 32. Rc5 g6 33. Rd5+ Ke7 34. Rc5 Kd6 35. b4 Re3 36. a5 Rxh3 0-1